[Event "World Rapid 2017"]
[Site "Riyadh KSA"]
[Date "2017.12.28"]
[Round "11.17"]
[White "McShane, Luke J"]
[Black "Kokarev, Dmitry"]
[Result "1/2-1/2"]
[WhiteTitle "GM"]
[BlackTitle "GM"]
[WhiteElo "2640"]
[BlackElo "2615"]
[WhiteFideId "404853"]
[BlackFideId "4132181"]
[EventDate "2017.12.26"]

1. e4 c5 2. Nf3 d6 3. Nc3 Nf6 4. e5 dxe5 5. Nxe5 a6 6. g3 Nbd7 7. Nc4 b5 8. Bg2
Rb8 9. Ne3 g6 10. a4 Bg7 11. axb5 axb5 12. Qe2 c4 13. O-O O-O 14. Rd1 Nc5 15.
Rb1 Bb7 16. d4 cxd3 17. cxd3 Nb3 18. Nc2 Bxg2 19. Kxg2 b4 20. Ne4 Nd5 21. Be3
Rc8 22. Ne1 Qd7 23. Nd2 Nxd2 24. Rxd2 Qa4 25. d4 b3 26. Nf3 Rc7 27. Qd3 Rfc8 28.
Qe4 e6 29. Rdd1 Rc2 30. Kg1 Qc6 31. Bd2 Nb6 32. Qd3 Qc4 33. Ba5 Na4 34. Qxc4
R2xc4 35. Rd3 Rb8 36. Bd2 h5 37. Bf4 Rb5 38. h4 Bf6 39. Kf1 Kg7 40. Ke1 Rc2 41.
Bc1 Bd8 42. Kf1 Ba5 43. Kg2 Nb6 44. d5 Rxd5 45. Rxb3 Nc4 46. Ng1 Bb6 47. Nh3 Bc5
48. Rf3 Ne5 49. Rc3 Rxc3 50. bxc3 Nd3 51. Nf4 Nxf4+ 52. Bxf4 Be7 53. c4 Rc5 54.
Rc1 e5 55. Be3 Rc6 56. Kf3 f5 57. Ke2 Kf7 58. Kd3 Ke6 59. Rc2 1/2-1/2

[Event "World Rapid 2017"]
[Site "Riyadh KSA"]
[Date "2017.12.28"]
[Round "11.18"]
[White "Melkumyan, Hrant"]
[Black "Dreev, Aleksey"]
[Result "1/2-1/2"]
[WhiteTitle "GM"]
[BlackTitle "GM"]
[WhiteElo "2633"]
[BlackElo "2653"]
[WhiteFideId "13302485"]
[BlackFideId "4100107"]
[EventDate "2017.12.26"]

1. Nf3 d5 2. g3 c6 3. Bg2 Bg4 4. O-O e6 5. d3 Bd6 6. h3 Bh5 7. c4 Nf6 8. cxd5
Bxf3 9. Bxf3 cxd5 10. Qb3 Qe7 11. Nc3 Nc6 12. Be3 O-O 13. Nb5 Bc5 14. Bxc5 Qxc5
15. Rfc1 Qe7 16. Qa4 Rfc8 17. Nd4 Nxd4 18. Qxd4 b6 19. Qe3 h6 20. a3 Qd6 21. Qd2
Qd8 22. e3 Rxc1+ 23. Rxc1 Rc8 24. Kg2 Rc7 25. h4 Qc8 26. Rxc7 Qxc7 27. Qd1 Qc6
28. Qd2 Nd7 29. Kg1 Qc5 30. d4 Qc7 31. Kg2 Nf6 32. Qd1 Ne8 33. Be2 Nd6 34. Bd3
Qc6 35. Kf1 Kf8 36. Ke2 Ke7 37. Qd2 a5 38. Kd1 Qa4+ 39. Kc1 Qb3 40. Qc2 Qxc2+
41. Kxc2 g6 42. Kc3 g5 43. hxg5 hxg5 44. b4 axb4+ 45. Kxb4 g4 46. a4 Kd7 47. Kc3
Kc7 48. Kd2 Kc6 49. Be2 Ne4+ 50. Ke1 f5 51. Bb5+ Kc7 52. Kf1 Kd6 53. Kg2 Nd2 54.
Ba6 Ke7 55. Bb5 e5 56. dxe5 Ke6 57. Ba6 Kxe5 58. Bc8 Ne4 59. Bd7 Nd2 60. Bc8 Ke4
61. Bd7 Ke5 62. Bc8 Nb3 63. Bd7 Nd2 64. Bc8 Nb3 65. Ba6 Nd2 66. Bd3 Ke6 67. Ba6
Kf6 68. Bb5 Ke5 69. Ba6 Ne4 70. Bb5 Nd2 71. Ba6 Kf6 72. Bb7 Ke5 73. Ba6 Kf6 1/2-1/2

[Event "World Rapid 2017"]
[Site "Riyadh KSA"]
[Date "2017.12.28"]
[Round "11.19"]
[White "Laznicka, Viktor"]
[Black "Harikrishna, Pentala"]
[Result "1/2-1/2"]
[WhiteTitle "GM"]
[BlackTitle "GM"]
[WhiteElo "2647"]
[BlackElo "2744"]
[WhiteFideId "316385"]
[BlackFideId "5007003"]
[EventDate "2017.12.26"]

1. c4 e5 2. Nc3 Nf6 3. e3 Bb4 4. Nge2 O-O 5. a3 Be7 6. Nd5 c6 7. Nxe7+ Qxe7 8.
d4 d5 9. cxd5 Nxd5 10. dxe5 Qxe5 11. Qd4 Nd7 12. e4 N5f6 13. f3 c5 14. Qf2 Nb6
15. Nc3 Be6 16. Qg3 Qd4 17. Bh6 Nh5 18. Qg5 Bb3 19. Qxh5 gxh6 20. Qxh6 Rad8 21.
Be2 Rd6 22. Qf4 Rfd8 23. Bd1 Rf6 24. Qc1 Rg6 25. g4 Bc4 26. b3 Bd3 27. Ra2 c4
28. b4 f5 29. exf5 Bxf5 30. Ne2 Qf6 31. Qf4 Bd3 32. Qxf6 Rxf6 33. Nc3 Nd5 34.
Nxd5 Rxd5 35. Kf2 Kg7 36. Re1 Rd7 37. Ba4 Rd4 38. Kg3 Ra6 39. Bd1 Kf6 40. h4 h6
41. f4 c3 42. g5+ hxg5 43. fxg5+ Kg6 44. Re3 Bf5 45. Bb3 Rg4+ 46. Kf3 Rxh4 47.
Kg3 Rg4+ 48. Kf3 Rc6 49. Bc2 Rxg5 50. Re2 Kf6 51. Bxf5 Rxf5+ 52. Ke3 Rd5 53.
Rac2 Ke7 54. Kf2+ Kd7 55. Re3 Rd2+ 56. Rxd2+ cxd2 57. Ke2 Rc2 58. Re4 Ra2 59.
Rc4 Rxa3 60. Kxd2 b5 61. Rc5 a6 62. Kc2 Re3 63. Rh5 Kd6 64. Rh6+ Kd5 65. Rxa6
Kc4 66. Rh6 Kxb4 67. Kb2 Ka4 68. Ra6+ Kb4 69. Rh6 Re2+ 70. Kb1 Ka4 71. Rh3 b4
72. Rg3 Rh2 73. Rf3 1/2-1/2

[Event "World Rapid 2017"]
[Site "Riyadh KSA"]
[Date "2017.12.28"]
[Round "11.20"]
[White "Akobian, Varuzhan"]
[Black "Savchenko, Boris"]
[Result "0-1"]
[WhiteTitle "GM"]
[BlackTitle "GM"]
[WhiteElo "2647"]
[BlackElo "2566"]
[WhiteFideId "13300580"]
[BlackFideId "4147332"]
[EventDate "2017.12.26"]

1. d4 Nf6 2. c4 g6 3. Nc3 d5 4. Bf4 Bg7 5. e3 O-O 6. Rc1 Be6 7. c5 Nh5 8. Bg5 b6
9. b4 a5 10. a3 h6 11. Bh4 axb4 12. axb4 Nc6 13. b5 Nb4 14. c6 Ra3 15. Be2 Nf6
16. Qd2 Qa8 17. Bxf6 exf6 18. Nf3 Qa5 19. O-O Ra8 20. Rfd1 Bf8 21. e4 Na2 22.
Nxa2 Rxa2 23. Qxa5 R8xa5 24. exd5 Bxd5 25. Bf1 Ba3 26. Ra1 Bb4 27. Rxa2 Rxa2 28.
Rb1 Bc3 29. Rc1 Ra3 30. Be2 Ra2 31. Kf1 Bxf3 32. Bxf3 Bxd4 33. Be2 f5 34. g3 Kg7
35. Rd1 Ra4 36. Rc1 Kf6 37. Rc2 g5 38. Kg2 Be5 39. h3 Rd4 40. Kf1 Bd6 41. Kg2
Ke7 42. Bc4 Bc5 43. Be2 Kd6 44. Rc3 Rb4 45. Rc2 Ke5 46. Rd2 Bd4 47. Rc2 f6 48.
Bd3 Bc5 49. Be2 h5 50. Bxh5 Rxb5 51. Re2+ Kd6 52. Bf7 Bd4 53. h4 f4 54. h5 fxg3
55. fxg3 f5 56. Re6+ Kc5 57. Rg6 Rb2+ 58. Kf1 Rf2+ 59. Ke1 g4 60. h6 Rh2 61. Bg8
Be5 62. h7 Kd4 63. Kf1 Bxg3 64. Be6 Rxh7 65. Bxf5 Rf7 66. Rxg4+ Ke5 67. Rxg3
Rxf5+ 68. Ke2 Kd6 69. Rg6+ Kc5 70. Kd3 Rd5+ 71. Kc3 Rd6 0-1

[Event "World Rapid 2017"]
[Site "Riyadh KSA"]
[Date "2017.12.28"]
[Round "11.22"]
[White "Aronian, Levon"]
[Black "Duda, Jan-Krzysztof"]
[Result "1-0"]
[WhiteTitle "GM"]
[BlackTitle "GM"]
[WhiteElo "2805"]
[BlackElo "2717"]
[WhiteFideId "13300474"]
[BlackFideId "1170546"]
[EventDate "2017.12.26"]

1. d4 d5 2. c4 c6 3. Nf3 Nf6 4. Nc3 dxc4 5. a4 e6 6. e4 Bb4 7. Qc2 b5 8. Be2 Bb7
9. Bg5 h6 10. Bh4 c5 11. d5 exd5 12. exd5 O-O 13. axb5 Nbd7 14. O-O Bxc3 15.
Qxc3 Nxd5 16. Qxc4 Qc8 17. Bg3 Re8 18. Rfe1 N5b6 19. Qc3 a6 20. Nh4 Nf6 21. bxa6
Bxa6 22. Bf3 Bb7 23. Rxe8+ Nxe8 24. Rd1 Bxf3 25. Qxf3 Qe6 26. h3 Ra2 27. Kh2
Rxb2 28. Qc3 Qb3 29. Qxb3 Rxb3 30. Rd8 f6 31. Rxe8+ Kf7 32. Rb8 c4 33. Nf5 c3
34. Rb7+ Kg6 35. Ne3 Rb2 36. Rc7 Na4 37. Nd5 1-0

[Event "World Rapid 2017"]
[Site "Riyadh KSA"]
[Date "2017.12.28"]
[Round "11.23"]
[White "Salem, A.R. Saleh"]
[Black "Karjakin, Sergey"]
[Result "0-1"]
[WhiteTitle "GM"]
[BlackTitle "GM"]
[WhiteElo "2638"]
[BlackElo "2760"]
[WhiteFideId "9301348"]
[BlackFideId "14109603"]
[EventDate "2017.12.26"]

1. d4 Nf6 2. c4 e6 3. Nf3 d5 4. Nc3 Be7 5. Bg5 h6 6. Bh4 O-O 7. e3 Nbd7 8. Bd3
dxc4 9. Bxc4 c5 10. O-O a6 11. a4 cxd4 12. Nxd4 Nb6 13. Bb3 Nbd5 14. Nxd5 Nxd5
15. Bxe7 Nxe7 16. Bc2 Bd7 17. Qd3 g6 18. Rfd1 Rc8 19. Qb3 Qc7 20. Be4 Nc6 21.
Bxc6 Bxc6 22. Rac1 Bxa4 23. Rxc7 Bxb3 24. Rxc8 Bxd1 25. Rc7 e5 26. Nf3 Bxf3 27.
gxf3 b5 28. Re7 Rc8 29. Rxe5 Rc4 30. Re8+ Kg7 31. Ra8 Ra4 32. f4 b4 33. Rb8 a5
34. Kg2 Ra2 35. Rb5 Kf6 36. e4 Ke6 37. b3 Ra3 38. Rb6+ Kd7 39. Rb7+ Kc6 40. Rxf7
Rxb3 41. Rf6+ Kb7 42. Rf7+ Kc8 43. Ra7 Ra3 44. e5 b3 45. e6 Kd8 46. Rb7 a4 47.
h3 h5 48. h4 Ke8 49. Kh2 Ra2 50. Kg3 b2 51. f5 Ra3+ 52. Kh2 Rb3 53. Rh7 gxf5 0-1

[Event "World Rapid 2017"]
[Site "Riyadh KSA"]
[Date "2017.12.28"]
[Round "11.24"]
[White "Kryvoruchko, Yuriy"]
[Black "Alekseev, Evgeny"]
[Result "1/2-1/2"]
[WhiteTitle "GM"]
[BlackTitle "GM"]
[WhiteElo "2689"]
[BlackElo "2616"]
[WhiteFideId "14109182"]
[BlackFideId "4138147"]
[EventDate "2017.12.26"]

1. e4 e5 2. Nf3 Nc6 3. Bb5 Nf6 4. d3 Bc5 5. Bxc6 dxc6 6. O-O Nd7 7. c3 O-O 8. d4
Bd6 9. Bg5 Qe8 10. Re1 f6 11. Bh4 c5 12. Bg3 Kh8 13. Nbd2 Qe6 14. Qa4 Nb6 15.
Qa5 exd4 16. cxd4 Bxg3 17. hxg3 cxd4 18. Nxd4 Qf7 19. Rac1 c6 20. b3 Bg4 21.
N2f3 Rfe8 22. e5 Nd5 23. Re4 Qh5 24. Rce1 f5 25. R4e2 f4 26. gxf4 Nxf4 27. Re4
Nxg2 28. Kxg2 Qh3+ 29. Kg1 Bxf3 30. Nxf3 Qxf3 31. e6 Re7 32. Qg5 Rf8 33. Qxe7
Qxf2+ 1/2-1/2

[Event "World Rapid 2017"]
[Site "Riyadh KSA"]
[Date "2017.12.28"]
[Round "11.25"]
[White "Sjugirov, Sanan"]
[Black "Fressinet, Laurent"]
[Result "0-1"]
[WhiteTitle "GM"]
[BlackTitle "GM"]
[WhiteElo "2650"]
[BlackElo "2662"]
[WhiteFideId "4189302"]
[BlackFideId "608742"]
[EventDate "2017.12.26"]

1. Nf3 d5 2. g3 g6 3. Bg2 Bg7 4. d4 Nd7 5. O-O Ngf6 6. c4 dxc4 7. Na3 Nb6 8. Ne5
Ng4 9. Naxc4 Nxc4 10. Qa4+ c6 11. Qxc4 Be6 12. Qc3 O-O 13. Bf4 Nxe5 14. Bxe5
Bxe5 15. dxe5 Qb6 16. Rfd1 Rfd8 17. Qa3 Kf8 18. Bf3 a5 19. Qc3 Qb4 20. a3 Qxc3
21. bxc3 Rxd1+ 22. Rxd1 a4 23. Rd4 Ra5 24. Rb4 Rxe5 25. Rxb7 Rc5 26. Kg2 Rxc3
27. Ra7 Rxa3 28. Bxc6 Bb3 29. e4 e6 30. Ra8+ Kg7 31. Ra7 Ra1 32. Be8 a3 33.
Rxf7+ Kg8 34. Rf3 Rb1 35. Ba4 a2 0-1

[Event "World Rapid 2017"]
[Site "Riyadh KSA"]
[Date "2017.12.28"]
[Round "11.26"]
[White "Bosiocic, Marin"]
[Black "Guseinov, Gadir"]
[Result "0-1"]
[WhiteTitle "GM"]
[BlackTitle "GM"]
[WhiteElo "2624"]
[BlackElo "2646"]
[WhiteFideId "14507927"]
[BlackFideId "13401378"]
[EventDate "2017.12.26"]

1. d4 Nf6 2. c4 g6 3. Nc3 Bg7 4. e4 d6 5. h3 O-O 6. Be3 a6 7. Nf3 c5 8. Be2 cxd4
9. Nxd4 Nc6 10. O-O Bd7 11. Nb3 a5 12. Nd2 Nb4 13. a3 Na6 14. f4 Bc6 15. Bf3 Nd7
16. Nb3 Nac5 17. Nxc5 Nxc5 18. e5 a4 19. Bxc6 bxc6 20. Bxc5 dxc5 21. Qe2 f6 22.
Rad1 Qc7 23. Qg4 Rad8 24. Qe6+ Kh8 25. Ne4 Rd4 26. Rde1 Qd8 27. Kh1 fxe5 28. Ng5
exf4 29. Nf7+ Rxf7 30. Qxf7 Bf6 31. Qe6 Kg7 32. Re4 Qd6 33. Qxd6 exd6 34. Rexf4
Rxf4 35. Rxf4 Bxb2 36. Rf2 Bxa3 37. Ra2 Bc1 38. Rxa4 Kf6 39. g3 Kf5 40. Kg2 Ke4
41. Ra6 Bb2 42. Rxc6 Be5 43. Ra6 Kd3 44. Ra4 h5 45. Kf3 g5 46. g4 h4 47. Ra3+
Kxc4 48. Ke4 Kb4 49. Ra7 c4 50. Rb7+ Kc3 51. Rc7 Kb3 52. Rb7+ Kc2 53. Ke3 d5 54.
Rb4 Kc3 55. Rb5 Bf4+ 56. Ke2 d4 57. Rd5 Be3 58. Rd7 Bg1 59. Kd1 Kd3 60. Kc1 Be3+
61. Kb1 c3 62. Rc7 Kd2 0-1

[Event "World Rapid 2017"]
[Site "Riyadh KSA"]
[Date "2017.12.28"]
[Round "11.27"]
[White "Zhigalko, Sergei"]
[Black "Jobava, Baadur"]
[Result "1-0"]
[WhiteTitle "GM"]
[BlackTitle "GM"]
[WhiteElo "2641"]
[BlackElo "2690"]
[WhiteFideId "13502956"]
[BlackFideId "13601520"]
[EventDate "2017.12.26"]

1. e4 e5 2. Nf3 Nf6 3. Nxe5 d6 4. Nf3 Nxe4 5. Nc3 Nxc3 6. dxc3 Be7 7. Be3 Nc6 8.
Qd2 Bf5 9. O-O-O O-O 10. h3 Re8 11. Rg1 Qd7 12. Kb1 Be4 13. Be2 a5 14. Ng5 Bxg5
15. Bxg5 Qf5 16. Be3 b5 17. f3 Bxc2+ 18. Qxc2 Qxc2+ 19. Kxc2 Rxe3 20. Bxb5 Na7
21. Ba4 Kf8 22. Rge1 Re6 23. f4 Nc8 24. Rxe6 fxe6 25. Re1 Ke7 26. Bb3 Nb6 27.
Bxe6 Kf6 28. g4 h6 29. Bf5 Rb8 30. b3 Nd5 31. Re6+ Kf7 32. Re4 Kf6 33. Bd7 Rd8
34. Bc6 Ne7 35. Bb5 g6 36. Bd3 c6 37. Kd2 Nd5 38. Rd4 g5 39. fxg5+ hxg5 40. Be4
Ne7 41. Ra4 d5 42. Bg2 Ng6 43. Rxa5 Nf4 44. Bf1 Ke5 45. a4 Kd6 46. Ra6 Ne6 47.
Bb5 Rc8 48. b4 d4 49. Bc4 Nc7 50. Rb6 dxc3+ 51. Kxc3 Nd5+ 52. Bxd5 Kxd5 53. Ra6
Rh8 54. Ra5+ Kd6 55. Rxg5 Rxh3+ 56. Kc4 Rh1 57. Rg6+ Kc7 58. b5 Rc1+ 59. Kd4 c5+
60. Kd5 Kb7 61. a5 c4 62. a6+ Ka7 63. Rg7+ 1-0

[Event "World Rapid 2017"]
[Site "Riyadh KSA"]
[Date "2017.12.28"]
[Round "11.28"]
[White "Leko, Peter"]
[Black "Bacrot, Etienne"]
[Result "1/2-1/2"]
[WhiteTitle "GM"]
[BlackTitle "GM"]
[WhiteElo "2691"]
[BlackElo "2725"]
[WhiteFideId "703303"]
[BlackFideId "605506"]
[EventDate "2017.12.26"]

1. Nf3 d5 2. g3 Nf6 3. Bg2 e6 4. O-O Be7 5. c4 O-O 6. b3 b6 7. Bb2 Bb7 8. cxd5
exd5 9. d4 Nbd7 10. Nc3 Re8 11. Rc1 Bf8 12. Qc2 a6 13. Rfd1 Rc8 14. e3 Qe7 15.
Ne5 Qe6 16. Ne2 c6 17. Nf4 Qd6 18. Bh3 Rc7 19. b4 b5 20. Nfd3 Nb6 21. Nc5 Nc4
22. Bc3 Ra8 23. a4 Bc8 24. Bg2 Ng4 25. Nxc4 bxc4 26. e4 Qh6 27. h3 Nf6 28. Bd2
Qg6 29. Bf4 Rca7 30. Be5 Be6 31. exd5 cxd5 32. Qxg6 hxg6 33. b5 axb5 34. axb5
Nd7 35. Nxd7 Rxd7 36. b6 Bd6 37. Bxd6 Rxd6 38. Rxc4 dxc4 39. Bxa8 1/2-1/2

[Event "World Rapid 2017"]
[Site "Riyadh KSA"]
[Date "2017.12.28"]
[Round "11.29"]
[White "Almasi, Zoltan"]
[Black "Movsesian, Sergei"]
[Result "1/2-1/2"]
[WhiteTitle "GM"]
[BlackTitle "GM"]
[WhiteElo "2682"]
[BlackElo "2647"]
[WhiteFideId "702293"]
[BlackFideId "310204"]
[EventDate "2017.12.26"]

1. Nf3 d5 2. g3 Bg4 3. Bg2 Nd7 4. c4 e6 5. Qb3 Nc5 6. Qc2 Nf6 7. O-O c6 8. d4
Ncd7 9. Nc3 Be7 10. Ne5 Bf5 11. Qb3 Qb6 12. Nxd7 Nxd7 13. e4 dxe4 14. Nxe4 O-O
15. Be3 Rfd8 16. h3 Qxb3 17. axb3 a6 18. Rfc1 Bxe4 19. Bxe4 Nf6 20. Bf3 Rd7 21.
g4 Rad8 22. Rd1 h6 23. Kg2 Ne8 24. d5 cxd5 25. cxd5 exd5 26. Bb6 Nc7 27. Rac1
Bd6 28. Rc2 Bf4 29. Rd3 Re8 30. Bxc7 Rxc7 31. Rxc7 Bxc7 32. Bxd5 b6 33. Rc3 Re7
34. Rc6 Kf8 35. Bc4 a5 36. h4 Ke8 37. Kf3 1/2-1/2

[Event "World Rapid 2017"]
[Site "Riyadh KSA"]
[Date "2017.12.28"]
[Round "11.30"]
[White "Anton Guijarro, David"]
[Black "Andriasian, Zaven"]
[Result "1-0"]
[WhiteTitle "GM"]
[BlackTitle "GM"]
[WhiteElo "2666"]
[BlackElo "2585"]
[WhiteFideId "2285525"]
[BlackFideId "13302000"]
[EventDate "2017.12.26"]

1. Nf3 d5 2. b3 Nf6 3. Bb2 Bg4 4. g3 Bxf3 5. exf3 e6 6. f4 c5 7. f5 exf5 8. Qe2+
Kd7 9. Qf3 g6 10. Nc3 Bg7 11. Nxd5 Re8+ 12. Ne3 Nc6 13. O-O-O Ke7 14. g4 Nd4 15.
Qxb7+ Kf8 16. gxf5 Ne4 17. fxg6 hxg6 18. Bc4 Re7 19. Qd5 Qe8 20. Ba6 Rd8 21. Qc4
Nxf2 22. Qxc5 Nxd1 23. Rxd1 Kg8 24. Bc4 Re5 25. Qxa7 Re7 26. Qc5 Re5 27. Qb6 Rg5
28. Rf1 Rd7 29. Kb1 Kh7 30. a4 f5 31. Nd5 Qe4 32. d3 Qe2 33. Rc1 Rg4 34. Nf6+
Bxf6 35. Qxf6 Qxh2 36. a5 Qh4 37. Qf8 Rd8 38. Qf7+ Kh6 39. a6 Rg2 40. a7 Qf4 41.
Qb7 Qf3 42. Rh1+ Kg5 43. Qe7+ Kf4 44. Bc1+ 1-0

[Event "World Rapid 2017"]
[Site "Riyadh KSA"]
[Date "2017.12.28"]
[Round "11.31"]
[White "Volokitin, Andrei"]
[Black "Riazantsev, Alexander"]
[Result "1/2-1/2"]
[WhiteTitle "GM"]
[BlackTitle "GM"]
[WhiteElo "2628"]
[BlackElo "2650"]
[WhiteFideId "14107090"]
[BlackFideId "4125029"]
[EventDate "2017.12.26"]

1. e4 c6 2. d4 d5 3. e5 Bf5 4. Nd2 e6 5. Nb3 Ne7 6. Nf3 h6 7. Be2 Nd7 8. O-O Bg6
9. a4 Nf5 10. a5 a6 11. Bd2 Be7 12. g4 Nh4 13. Nxh4 Bxh4 14. f4 Be4 15. Bd3 Bxd3
16. cxd3 O-O 17. f5 Re8 18. f6 gxf6 19. Bxh6 Qe7 20. Kh1 Bg5 21. Bxg5 fxg5 22.
Qd2 Kh7 23. Nc5 Nxc5 24. dxc5 Rg8 25. d4 Rg6 26. Ra3 Rh8 27. Raf3 Kg8 28. Rf6
Rg7 29. R1f3 Rh4 30. h3 Rhh7 31. Kg2 Rh8 32. Rb3 Rg6 33. Rbf3 Rg7 34. Qb4 Kh7
35. Rb3 Rb8 36. Qd2 Rg6 37. Qc2 Kg7 38. Rbf3 Rf8 39. Qd2 Qd8 40. Kh2 Kg8 41. Qf2
Qe7 42. Kg2 Kg7 43. Qc2 Qd8 44. Qb3 Qxa5 45. Rxg6+ fxg6 46. Qxb7+ Kg8 47. Rxf8+
Kxf8 48. Kf3 Qe1 49. Qc8+ Kg7 50. Qd7+ Kh6 51. Qe8 Qh1+ 52. Kg3 Qg1+ 53. Kf3
Qf1+ 54. Kg3 Qf4+ 55. Kg2 1/2-1/2

[Event "World Rapid 2017"]
[Site "Riyadh KSA"]
[Date "2017.12.28"]
[Round "11.32"]
[White "Potkin, Vladimir"]
[Black "Amonatov, Farrukh"]
[Result "1/2-1/2"]
[WhiteTitle "GM"]
[BlackTitle "GM"]
[WhiteElo "2574"]
[BlackElo "2636"]
[WhiteFideId "4131061"]
[BlackFideId "14700077"]
[EventDate "2017.12.26"]

1. d4 Nf6 2. c4 g6 3. Nc3 Bg7 4. e4 d6 5. Nf3 O-O 6. h3 Na6 7. Be3 e5 8. d5 Nc5
9. Nd2 a5 10. g4 c6 11. Be2 Bd7 12. g5 Ne8 13. h4 a4 14. h5 Qa5 15. a3 Nc7 16.
Kf1 f5 17. gxf6 Rxf6 18. hxg6 hxg6 19. Kg2 cxd5 20. exd5 Bf5 21. Rh4 Raf8 22.
Qh1 b5 23. cxb5 Qa8 24. Bc4 N7e6 25. Nf3 Bd3 26. Nd2 Nd4 27. Bxd3 Nxd3 28. Nde4
Rf5 29. Rd1 Nxb2 30. Nxd6 Nxd1 31. Qxd1 R5f6 32. Nde4 Rf5 33. Rg4 Nf3 34. Qxa4
Qc8 35. Qa6 Qd7 36. Qxg6 R8f7 37. b6 Ne1+ 38. Kg1 Nf3+ 39. Kg2 Ne1+ 40. Kf1 Nc2
41. Bc5 Rf4 42. Rg3 Nd4 43. d6 Qc6 44. d7 Qxd7 45. Qd6 Qc8 46. Qxe5 Rg4 47. Rxg4
Qxg4 48. Qb8+ Kh7 49. Qh2+ Kg8 50. Qb8+ Kh7 51. Qg3 Qxg3 52. Nxg3 Ne6 53. Nce4
Be5 54. Ke2 Rd7 55. a4 Nf4+ 56. Kf3 Nd3 57. a5 Rd5 58. Be3 Rxa5 59. Nf5 Rb5 60.
Ned6 Rb4 61. b7 Kg6 62. Ba7 Bxd6 63. Nxd6 Ne5+ 64. Ke2 Nc6 65. Bc5 Rb3 66. f4
Kf6 67. Kd2 Ke6 68. Kc2 Rf3 69. Nb5 Rxf4 70. Nd4+ Rxd4 71. Bxd4 Nxd4+ 72. Kd3
Nc6 73. b8=N Nxb8 1/2-1/2

[Event "World Rapid 2017"]
[Site "Riyadh KSA"]
[Date "2017.12.28"]
[Round "11.33"]
[White "Meier, Georg"]
[Black "Christiansen, Johan-Sebastian"]
[Result "0-1"]
[WhiteTitle "GM"]
[BlackTitle "IM"]
[WhiteElo "2650"]
[BlackElo "2495"]
[WhiteFideId "4675789"]
[BlackFideId "1512668"]
[EventDate "2017.12.26"]

1. Nf3 c5 2. e4 Nf6 3. e5 Nd5 4. Nc3 e6 5. Ne4 Nc6 6. c4 Nb6 7. a3 Qc7 8. d4
Nxd4 9. Bf4 Qc6 10. Bd3 Nxc4 11. Nxd4 cxd4 12. Qe2 b5 13. O-O Bb7 14. b3 Qd5 15.
Qh5 Nd6 16. Rfe1 Nf5 17. Rad1 Be7 18. g4 Nh4 19. g5 Ng6 20. Bg3 Qxb3 21. Qe2 Qd5
22. f4 h6 23. h4 hxg5 24. hxg5 Nh4 25. Bxh4 Rxh4 26. Qf2 Rh3 27. Kg2 Re3 28.
Rxe3 dxe3 29. Qxe3 Rc8 30. Kg3 Rc3 31. Nxc3 Qg2+ 32. Kh4 f6 33. exf6 Qh2+ 34.
Kg4 gxf6 35. f5 fxg5 36. Qg3 Qh6 37. Re1 Bd6 38. Qh3 Bf3+ 39. Kxf3 Qxh3+ 40. Ke2
Bf4 0-1

[Event "World Rapid 2017"]
[Site "Riyadh KSA"]
[Date "2017.12.28"]
[Round "11.34"]
[White "Miton, Kamil"]
[Black "Malakhov, Vladimir"]
[Result "1-0"]
[WhiteTitle "GM"]
[BlackTitle "GM"]
[WhiteElo "2584"]
[BlackElo "2686"]
[WhiteFideId "1111914"]
[BlackFideId "4120787"]
[EventDate "2017.12.26"]

1. e4 e5 2. Nf3 Nc6 3. Nc3 Nf6 4. Bb5 Bb4 5. O-O O-O 6. d3 Bxc3 7. bxc3 d6 8.
Nd2 Ne7 9. f4 exf4 10. Rxf4 Ng6 11. Rf1 c6 12. Bc4 d5 13. Bb3 dxe4 14. Ba3 Qb6+
15. Kh1 c5 16. Rb1 Qc6 17. Rxf6 Qxf6 18. Nxe4 Qf4 19. Bxc5 Rd8 20. Qg1 Be6 21.
Bxe6 fxe6 22. Rxb7 a5 23. h3 Qf5 24. Bd6 e5 25. c4 Rd7 26. Rxd7 Qxd7 27. Qc5 Qf7
28. Bxe5 h6 29. Kh2 Kh7 30. Bg3 Rf8 31. Qxa5 Nf4 32. Qd2 Nh5 33. Bd6 Ra8 34. a3
Qe6 35. c5 Rxa3 36. c6 Ra6 37. Qc3 Nf6 38. Nxf6+ gxf6 39. Qc5 Ra8 40. c7 Rg8 41.
Bg3 Qd7 42. Qe3 h5 43. d4 Qc6 44. Qd3+ Kh8 45. d5 Qb7 46. Qf5 Kg7 47. d6 1-0

[Event "World Rapid 2017"]
[Site "Riyadh KSA"]
[Date "2017.12.28"]
[Round "11.35"]
[White "Naiditsch, Arkadij"]
[Black "Fedorchuk, Sergey A."]
[Result "0-1"]
[WhiteTitle "GM"]
[BlackTitle "GM"]
[WhiteElo "2705"]
[BlackElo "2648"]
[WhiteFideId "4650891"]
[BlackFideId "14102536"]
[EventDate "2017.12.26"]

1. e4 c5 2. Nf3 e6 3. d3 b5 4. g3 Bb7 5. Bg2 d6 6. O-O Nf6 7. a4 b4 8. Nbd2 Nc6
9. Nc4 Qc7 10. Re1 Be7 11. a5 Rd8 12. a6 Ba8 13. Bf4 O-O 14. e5 dxe5 15. Nfxe5
Qc8 16. Nxc6 Bxc6 17. Bxc6 Qxc6 18. b3 Nd7 19. Qe2 Bf6 20. Ra5 Bc3 21. Qe4 Qd5
22. Bd2 Bxd2 23. Qxd5 exd5 24. Nxd2 Rfe8 25. Rxe8+ Rxe8 26. d4 Re2 27. dxc5 Rxd2
28. c6 Nb6 29. Rc5 Kf8 30. Kf1 Ke7 31. Ke1 Rd4 32. c7 Nc8 33. f3 g5 34. Ke2 Kd6
35. Ra5 g4 36. Ke3 Rd1 37. fxg4 Kc6 38. h4 Rg1 39. Ra4 Rxg3+ 40. Kf4 Rc3 41.
Rxb4 Rxc2 42. Rb7 Kd6 43. b4 Rxc7 44. b5 Nb6 45. Rb8 Ke6 46. h5 f6 47. Re8+ Re7
48. Rd8 Nc4 49. Rc8 Ne5 50. Ke3 Nxg4+ 51. Kd4 Ne5 52. Rc1 f5 53. Ra1 Kd6 0-1

[Event "World Rapid 2017"]
[Site "Riyadh KSA"]
[Date "2017.12.28"]
[Round "11.36"]
[White "Moiseenko, Alexander"]
[Black "Nguyen, Ngoc Truong Son"]
[Result "0-1"]
[WhiteTitle "GM"]
[BlackTitle "GM"]
[WhiteElo "2667"]
[BlackElo "2630"]
[WhiteFideId "14102560"]
[BlackFideId "12401110"]
[EventDate "2017.12.26"]

1. d4 d5 2. c4 dxc4 3. e3 Nf6 4. Bxc4 e6 5. Nf3 c5 6. O-O a6 7. Bb3 b5 8. a4 b4
9. e4 cxd4 10. e5 Nfd7 11. Nbd2 Nc5 12. Nc4 Be7 13. Bg5 Bxg5 14. Nd6+ Kf8 15.
Nxg5 Qxg5 16. Qf3 Ra7 17. Nxc8 Rc7 18. Nb6 g6 19. Rfe1 Kg7 20. Bc4 Nc6 21. Qe2
Rb8 22. a5 Nxa5 23. Rxa5 Rxb6 24. b3 d3 25. Qd1 d2 26. Rf1 Ne4 27. f4 Qd8 0-1

[Event "World Rapid 2017"]
[Site "Riyadh KSA"]
[Date "2017.12.28"]
[Round "11.37"]
[White "Mchedlishvili, Mikheil"]
[Black "Bortnyk, Olexandr"]
[Result "1/2-1/2"]
[WhiteTitle "GM"]
[BlackTitle "GM"]
[WhiteElo "2603"]
[BlackElo "2610"]
[WhiteFideId "13600966"]
[BlackFideId "14120828"]
[EventDate "2017.12.26"]

1. d4 g6 2. c4 Bg7 3. e4 d6 4. Nc3 Nf6 5. Nf3 O-O 6. Be2 Nbd7 7. O-O e5 8. Be3
c6 9. d5 c5 10. Ne1 Ne8 11. g4 f5 12. gxf5 gxf5 13. exf5 Nb6 14. Kh1 Bxf5 15.
Nf3 Nf6 16. Ng5 Qd7 17. Rg1 Rae8 18. Rg3 Kh8 19. Qd2 Na4 20. Nxa4 Qxa4 21. Rag1
h6 22. Bd3 Bxd3 23. Qxd3 hxg5 24. Qg6 Re7 25. Rh3+ Kg8 26. Bxg5 Qe8 27. Qd3 e4
28. Qg3 Qd7 29. Qh4 Qf5 30. Bxf6 Qxf6 31. Qh7+ Kf7 32. Qh5+ Kg8 33. Qh7+ Kf7 1/2-1/2